Thermodynamics (Record no. 8344)

000 -LEADER
fixed length control field 00603nam a2200217 i 4500
001 - CONTROL NUMBER
control field 8344
003 - CONTROL NUMBER IDENTIFIER
control field BD-DhUET
008 - FIXED-LENGTH DATA ELEMENTS--GENERAL INFORMATION
fixed length control field 770308s1978 nyua b 001 0 eng
020 ## - INTERNATIONAL STANDARD BOOK NUMBER
International Standard Book Number 0023355301
040 ## - CATALOGING SOURCE
Original cataloging agency DLC
Transcribing agency DLC
Modifying agency BD-DhUET
082 ## - DEWEY DECIMAL CLASSIFICATION NUMBER
Classification number 621.01
Item number FAI/1970
100 ## - MAIN ENTRY--PERSONAL NAME
Personal name Faires, Virgil Moring
245 10 - TITLE STATEMENT
Title Thermodynamics
Statement of responsibility, etc. by Virgil Moring Faires and Clifford Max Simmang
250 ## - EDITION STATEMENT
Edition statement 6th ed.
260 ## - PUBLICATION, DISTRIBUTION, ETC. (IMPRINT)
Place of publication, distribution, etc. New York
Name of publisher, distributor, etc. Macmillan
Date of publication, distribution, etc. 1970
300 ## - PHYSICAL DESCRIPTION
Extent xxiii, 647 p.
Other physical details ill.
Dimensions 26 cm.
504 ## - BIBLIOGRAPHY, ETC. NOTE
Bibliography, etc Includes bibliographies
650 #0 - SUBJECT ADDED ENTRY--TOPICAL TERM
Topical term or geographic name as entry element Thermodynamics
700 ## - ADDED ENTRY--PERSONAL NAME
Personal name Simmang, Clifford Max
942 ## - ADDED ENTRY ELEMENTS (KOHA)
Koha item type General Book
Holdings
Koha full call number Date acquired Not for loan Koha normalized classification for sorting Sublocation or collection (holding branch) Copy number Koha date last seen Lost status Koha item type Price effective from Location (home branch) Shelving location Withdrawn status Piece designation (barcode) Source of classification or shelving scheme Damaged status
621.01/FAI/19782015-01-20 621_010000000000000_FAI_1978Central Library, BUET12015-01-20 General Book2015-01-20Central Library, BUETCirculation section 42943  
621.01 FAI/19701985-06-11 621_010000000000000_FAI_1970Central Library, BUET৬/ক-১2024-12-11 Rental Item2024-12-11Central Library, BUETRental section 63135  
621.01 FAI/19701985-06-11 621_010000000000000_FAI_1970Central Library, BUET৬/ক-২2024-12-11 Rental Item2024-12-11Central Library, BUETRental section 63136  
621.01 FAI/19701985-06-11 621_010000000000000_FAI_1970Central Library, BUET৬/ক-৩2024-12-11 Rental Item2024-12-11Central Library, BUETRental section 63137  
621.01 FAI/19701985-06-11 621_010000000000000_FAI_1970Central Library, BUET৬/ক-৪2024-12-11 Rental Item2024-12-11Central Library, BUETRental section 63138  
621.01 FAI/19701985-06-11 621_010000000000000_FAI_1970Central Library, BUET৬/ক-৫2024-12-11 Rental Item2024-12-11Central Library, BUETRental section 63139  
621.01 FAI/19701985-06-11 621_010000000000000_FAI_1970Central Library, BUET৬/ক-৬2024-12-11 Rental Item2024-12-11Central Library, BUETRental section 63140  
621.01 FAI/19701985-06-11 621_010000000000000_FAI_1970Central Library, BUET৬/ক-৭2024-12-11 Rental Item2024-12-11Central Library, BUETRental section 63141  
621.01 FAI/19701985-06-11 621_010000000000000_FAI_1970Central Library, BUET৬/ক-৮2024-12-11 Rental Item2024-12-11Central Library, BUETRental section 63142  
621.01 FAI/19701985-06-11 621_010000000000000_FAI_1970Central Library, BUET৬/ক-৯2024-12-11 Rental Item2024-12-11Central Library, BUETRental section 63143  
621.01 FAI/19701985-06-11 621_010000000000000_FAI_1970Central Library, BUET৬/ক-১০2024-12-11 Rental Item2024-12-11Central Library, BUETRental section 63144  
621.01 FAI/19701985-06-11 621_010000000000000_FAI_1970Central Library, BUET৬/ক-১১2024-12-11 Rental Item2024-12-11Central Library, BUETRental section 63145  
621.01 FAI/19701985-06-11 621_010000000000000_FAI_1970Central Library, BUET৬/ক-১২2024-12-11 Rental Item2024-12-11Central Library, BUETRental section 63146  
621.01 FAI/19701985-06-11 621_010000000000000_FAI_1970Central Library, BUET৬/ক-১৩2024-12-11 Rental Item2024-12-11Central Library, BUETRental section 63147  
621.01 FAI/19701985-06-11 621_010000000000000_FAI_1970Central Library, BUET৬/ক-১৪2024-12-11 Rental Item2024-12-11Central Library, BUETRental section 63148  
621.01 FAI/19701985-06-11 621_010000000000000_FAI_1970Central Library, BUET৬/ক-১৫2024-12-11 Rental Item2024-12-11Central Library, BUETRental section 63149  
621.01 FAI/19701985-06-11 621_010000000000000_FAI_1970Central Library, BUET৬/ক-১৬2024-12-11 Rental Item2024-12-11Central Library, BUETRental section 63150  
621.01 FAI/19701985-06-11 621_010000000000000_FAI_1970Central Library, BUET৬/ক-১৭2024-12-11 Rental Item2024-12-11Central Library, BUETRental section 63151  
621.01 FAI/19701985-06-11 621_010000000000000_FAI_1970Central Library, BUET৬/ক-১৮2024-12-11 Rental Item2024-12-11Central Library, BUETRental section 63152  
621.01 FAI/19701985-06-11 621_010000000000000_FAI_1970Central Library, BUET৬/ক-১৯2024-12-11 Rental Item2024-12-11Central Library, BUETRental section 63153  
621.01 FAI/19701985-06-11 621_010000000000000_FAI_1970Central Library, BUET৬/ক-২০2024-12-11 Rental Item2024-12-11Central Library, BUETRental section 63154